Statistiken für Geographie A-Z #4

Klicken Sie hier um das Quiz zu spielen!

Allgemein

  • Dieses Quiz wurde 774 mal gespielt
  • Das Durchschnittsergebnis liegt bei 16 aus 26

Antwortstatistiken

Hinweis Antwort % Korrekt
LMagma an der ErdoberflächeLava
95%
FGrößte Stadt in HessenFrankfurt am Main
95%
ODeutsch-polnischer GrenzflussOder
93%
QBeginn eines FlussesQuelle
92%
VGrößter afrikanischer SeeVictoria
87%
GOrt der Großen SphinxGizeh
85%
MSprache NeuseelandsMāori
78%
EGroßer Fluss im IrakEuphrat
76%
DHamlets KönigreichDänemark
75%
HDie eine Hälfte HispaniolasHaiti
75%
WDer Krasiński-Palast ist hierWarschau
74%
RDer Leu ist seine WährungRumänien
69%
PMacaus früherer BesitzerPortugal
67%
SLehre von ErdbebenSeismologie
63%
YKalifornischer NationalparkYosemite
61%
KPalast LondonsKensington
59%
ZVolksgruppe der BantuZulu
59%
NRegion des Mont-Saint-MichelNormandie
57%
IBouvet oder PitcairnInsel
47%
CGeburtstadt von S. BolivarCaracas
46%
UIrische ProvinzUlster
41%
JHauptstadt am Weißen NilJuba
41%
AOranjestads InselAruba
39%
TSee östlich von SydneyTasmansee
37%
XKublai Khans PalastXanadu
12%
BTafelberge im Monument ValleyButte
7%

Verteilung der Resultate

Perzentil nach korrekt beantworteten Fragen

Anzahl Personen mit jedem Resultat

Ihre Resultats-Entwicklung

Sie haben dieses Quiz noch nicht gespielt